书目信息 |
| 题名: |
工业社会中质量的挑战
|
|
| 作者: | Gogue , 戈格 著 ;宇泉 译 | |
| 分册: | ||
| 出版信息: | 北京 北京出版社 1982 |
|
| 页数: | 202页 | |
| 开本: | 21cm | |
| 丛书名: | ||
| 单 册: | ||
| 中图分类: | F406.3 | |
| 科图分类: | ||
| 主题词: | 工业企业管理:质量管理 , 质量管理:工业企业管理 | |
| 电子资源: | ||
| ISBN: | ||
| 000 | 00906nam0 2200289 45 | |
| 001 | 0182003490 | |
| 005 | 20060808173818.90 | |
| 010 | @dCNY0.62 | |
| 091 | @aCN@b4071.61 | |
| 100 | @a19950228d1982 em y0chiy0121 ea | |
| 101 | 1 | @achi@cfre |
| 102 | @aCN@b110000 | |
| 105 | @ay z 000yy | |
| 200 | 10 | @a工业社会中质量的挑战@Agong ye she hui zhong zhi liang de tiao zhan@f(法)让-玛丽.戈格(J.M. Gogue)著@g宇泉译 |
| 210 | @a北京@c北京出版社@d1982 | |
| 215 | @a202页@d21cm | |
| 300 | @a书名原文:Le Dell de la Qualite Dans la Societe Industrielle | |
| 510 | 1 | @aLe Dell de la Qualite Dans la Societe Industrielle@zfre |
| 606 | @a工业企业管理:质量管理 | |
| 606 | @a质量管理:工业企业管理 | |
| 690 | @aF406.3@v3 | |
| 701 | A1 | @aGogue@b.M.@4著 |
| 701 | 1 | @a戈格@Age ge@b让-玛丽@4著 |
| 702 | 0 | @a宇泉@Ayu quan@4译 |
| 801 | 2 | @aCN@bNLC@c20060808 |
| 801 | 0 | @aCN@bTSSF |
| 905 | @a10447@dF406.3@e110 | |
| 工业社会中质量的挑战/(法)让-玛丽.戈格(J.M. Gogue)著/宇泉译.-北京:北京出版社,1982 |
| 202页;21cm |
| 书名原文:Le Dell de la Qualite Dans la Societe Industrielle |
| ISBN :CNY0.62 |
| ● |
| 相关链接 |
|
|
|
|
正题名:工业社会中质量的挑战
索取号:F406.3/110
 
预约/预借
| 序号 | 登录号 | 条形码 | 馆藏地/架位号 | 状态 | 备注 |
| 1 | 0447562 | 204475629 | 密集书库/ [索取号:F406.3/110] | 在馆 | |
| 2 | 0447563 | 204475638 | 密集书库/ [索取号:F406.3/110] | 在馆 |